Rhododendrons of the royal botanical park : (Record no. 3844)
[ view plain ]
| 000 -LEADER | |
|---|---|
| fixed length control field | 00429nam a2200133 4500 |
| 001 - CONTROL NUMBER | |
| control field | 4635 |
| 005 - DATE AND TIME OF LATEST TRANSACTION | |
| control field | 20181127173827.0 |
| 090 00 - LOCALLY ASSIGNED LC-TYPE CALL NUMBER (OCLC); LOCAL CALL NUMBER (RLIN) | |
| Classification number (OCLC) (R) ; Classification number, CALL (RLIN) (NR) | 333.953 N9613r 2015 |
| 245 00 - TITLE STATEMENT | |
| Title | Rhododendrons of the royal botanical park : |
| Remainder of title | covering the places of Dochula, Helela and Sinchula. |
| Statement of responsibility, etc. | |
| Medium | |
| 260 00 - PUBLICATION, DISTRIBUTION, ETC. | |
| Place of publication, distribution, etc. | Thimphu : |
| Name of publisher, distributor, etc. | Author, |
| Date of publication, distribution, etc. | 1999. |
| 300 00 - PHYSICAL DESCRIPTION | |
| Extent | 52 p. ; col. ill. |
| 650 00 - SUBJECT ADDED ENTRY--TOPICAL TERM | |
| Topical term or geographic name entry element | Rhododendrons --Bhutan. |
| General subdivision | |
| Topical term or geographic name entry element | Wild flowers --Bhutan --Identification. |
| General subdivision | |
| Withdrawn status | Lost status | Source of classification or shelving scheme | Damaged status | Not for loan | Collection code | Home library | Current library | Shelving location | Serial Enumeration / chronology | Inventory number | Total Checkouts | Full call number | Barcode | Date last seen | Copy number | Price effective from | Koha item type | Date acquired | Total Renewals | Date last checked out |
|---|---|---|---|---|---|---|---|---|---|---|---|---|---|---|---|---|---|---|---|---|
| Dewey Decimal Classification | Main TEST | RTC Library | RTC Library | Main opac | 7344 | 583.66 NAT | 30007433 | 27/11/2018 | 1 | 27/11/2018 | Main | |||||||||
| Dewey Decimal Classification | Main TEST | RTC Library | RTC Library | Main opac | 8481 | 2 | 583.66 NAT | 30008810 | 13/05/2021 | 2 | 27/11/2018 | Main | 02/03/2021 | 2 | 22/03/2021 |